00464nam a2200157Ia 450000500170000000800410001708200130005810000150007124500360008626000420012230000120016465000100017694200060018695200990019299900150029120250405151828.0240331s9999 xx 000 0 und d bTAMa894 aTamilnathy 0aSooriyan thaniththalaiyum pagal aChennaibPanikkudam Pathippagamc2007 a64 p ., aPoems cL 001040708LaWERCLbWERCLcSSCd2024-03-31l0o 894.811 TAMp5985r2024-03-31w2024-03-31yL c4671d4671